| 000 | 00997nam a2200301 i 4500 | ||
|---|---|---|---|
| 001 | bg | ||
| 003 | KOSZ 005 | ||
| 005 | 20200630132823.0 | ||
| 008 | 080810s1966 pl a f 001 0 pol | ||
| 015 | _aPB 1966/3131 | ||
| 040 |
_aWA N _cKOSZ 005/RW _dKOSZ 005/RW _dKOSZ 005/HR |
||
| 046 | _k1966 | ||
| 080 | _a514.12 | ||
| 100 | 1 |
_aBorsuk, Karol _d(1905-1982). _eAutor |
|
| 245 | 1 | 0 |
_aGeometria analityczna wielowymiarowa / _cKarol Borsuk. |
| 250 | _aWyd. 3 nie zm. | ||
| 260 |
_aWarszawa : _bPaństwowe Wydawnictwo Naukowe, _c1966. |
||
| 300 |
_a463, [1] s. : _bil. ; _c25 cm. |
||
| 380 | _aKsiążki. | ||
| 490 | 1 |
_aBiblioteka Matematyczna ; _vt. 23. |
|
| 504 | _aIndeks. | ||
| 658 | _aMatematyka | ||
| 650 | 4 | _aGeometria analityczna | |
| 710 | 2 |
_aPaństwowe Wydawnictwo Naukowe _4pbl. |
|
| 830 | 0 |
_aBiblioteka Matematyczna, _vt. 23. |
|
| 856 |
_uhttp://koha.tu.koszalin.pl/cgi-bin/koha/opac-detail.pl?biblionumber=11392 _yKatalog online BPK |
||
| 942 |
_2UKD _cKS |
||
| 999 |
_c11392 _d11392 |
||